| 000 | 01314cam a22003611a 4500 | ||
|---|---|---|---|
| 001 | 12250336 | ||
| 003 | OSt | ||
| 005 | 20231102161231.0 | ||
| 008 | 990825s1999 pk 001 0 eng | ||
| 010 | _a 99922036 | ||
| 020 | _a9839541307 | ||
| 020 | _a9694082013 | ||
| 025 | _aP-E-99922036; 15 | ||
| 035 | _a(DLC) 99922036 | ||
| 040 |
_aDLC _cDLC |
||
| 042 | _alcode | ||
| 050 | 0 | 0 |
_aKBP1043 _b.N93 1999 |
| 082 |
_a346.17670682 _bNYA/I |
||
| 100 |
_aNyazee, Imran Ahsan Khan _91734 |
||
| 245 | 1 | 0 |
_aIslamic law of business organization : _bpartnerships / _cImran Ahsan Khan Nyazee. |
| 250 | _a1st ed. | ||
| 260 |
_aIslamabad : _bInternational Institute of Islamic Thoughts : _bIslamic Research Institute, _cc1999. |
||
| 300 |
_axi, 347 p. ; _c25 cm. |
||
| 490 | 1 |
_aIRI publication ; _vno. 120 |
|
| 504 | _aIncludes bibliographical references (p. [325]-329) and index. | ||
| 650 | 0 | _aPartnership (Islamic law) | |
| 650 | 0 | _aCorporation law (Islamic law) | |
| 650 | 0 | _aSilent partners (Islamic law) | |
| 830 | 0 |
_aPublication (Islamic Research Institute (Pakistan)) ; _vno. 120. |
|
| 906 |
_a7 _bcbc _corigode _d3 _encip _f19 _gy-gencatlg |
||
| 942 |
_2ddc _cBK _h346.17670682 _iNYA/I _k346.17670682 _mNYA/I |
||
| 999 |
_c42762 _d42762 |
||